[Event "Weekender - Expert"]
[Site "Enniscrone, Sligo, IE"]
[Date "2026.01.31"]
[Round "3"]
[White "Webb, Nick"]
[Black "Cawston, M John"]
[Result "1-0"]
[Board "7"]
[WhiteFideId "2517302"]
[BlackFideId "434000"]
[WhiteElo "1876"]
[BlackElo "1812"]
[WhiteTeam "IRL"]
[BlackTeam "ENG"]
[WhiteClock "0:18:24"]
[BlackClock "0:38:47"]
[Variant "Standard"]

1. Nf3 {[%clk 1:30:43]}  Nf6 {[%clk 1:30:53]} 2. c4 {[%clk 1:30:52]}  c5 {[%clk 1:31:20]} 3. Nc3 {[%clk 1:30:25]}  d5 {[%clk 1:31:46]} 4. cxd5 {[%clk 1:30:30]}  Nxd5 {[%clk 1:32:13]} 5. g3 {[%clk 1:30:28]}  Nc6 {[%clk 1:32:31]} 6. d4 {[%clk 1:28:57]}  Nxc3 {[%clk 1:32:34]} 7. bxc3 {[%clk 1:29:01]}  g6 {[%clk 1:32:48]} 8. Bg2 {[%clk 1:28:31]}  Bg7 {[%clk 1:33:16]} 9. e3 {[%clk 1:24:27]}  O-O {[%clk 1:33:36]} 10. O-O {[%clk 1:24:32]}  Be6 {[%clk 1:29:53]} 11. Re1 {[%clk 1:20:59]}  Bc4 {[%clk 1:29:45]} 12. Ba3 {[%clk 1:19:33]}  cxd4 {[%clk 1:29:42]} 13. exd4 {[%clk 1:18:34]}  Re8 {[%clk 1:29:09]} 14. Qa4 {[%clk 1:14:43]}  b5 {[%clk 1:29:23]} 15. Qc2 {[%clk 1:14:13]}  Rc8 {[%clk 1:29:40]} 16. Bc5 {[%clk 1:13:41]}  a6 {[%clk 1:26:17]} 17. Rad1 {[%clk 1:11:32]}  Bd5 {[%clk 1:26:30]} 18. Nd2 {[%clk 1:04:57]}  Bxg2 {[%clk 1:26:45]} 19. Kxg2 {[%clk 1:05:22]}  Qd5+ {[%clk 1:26:42]} 20. Kg1 {[%clk 1:04:27]}  e6 {[%clk 1:26:46]} 21. Ne4 {[%clk 1:02:45]}  Red8 {[%clk 1:26:44]} 22. Qe2 {[%clk 0:59:34]}  Rb8 {[%clk 1:13:55]} 23. a3 {[%clk 0:57:29]}  Rb7 {[%clk 1:10:58]} 24. h4 {[%clk 0:55:07]}  Na5 {[%clk 1:01:06]} 25. Qe3 {[%clk 0:50:45]}  Nb3 {[%clk 0:54:29]} 26. Qf4 {[%clk 0:47:05]}  Nxc5 {[%clk 0:51:43]} 27. Nxc5 {[%clk 0:41:28]}  Ra7 {[%clk 0:36:15]} 28. Rb1 {[%clk 0:30:04]}  e5 {[%clk 0:46:39]} 29. Qg5 {[%clk 0:29:18]}  h6 {[%clk 0:45:57]} 30. Qg4 {[%clk 0:26:19]}  exd4 {[%clk 0:45:56]} 31. cxd4 {[%clk 0:26:16]}  Qxd4 {[%clk 0:45:58]} 32. Qxd4 {[%clk 0:24:06]}  Bxd4 {[%clk 0:45:38]} 33. Rbd1 {[%clk 0:23:39]}  Bf6 {[%clk 0:43:52]} 34. Rxd8+ {[%clk 0:23:50]}  Bxd8 {[%clk 0:44:18]} 35. Re8+ {[%clk 0:24:05]}  Kg7 {[%clk 0:43:38]} 36. Rxd8 {[%clk 0:24:24]}  a5 {[%clk 0:44:37]} 37. Rd7 {[%clk 0:23:28]}  Ra8 {[%clk 0:45:06]} 38. Rb7 {[%clk 0:22:53]}  b4 {[%clk 0:45:34]} 39. axb4 {[%clk 0:22:44]}  axb4 {[%clk 0:45:25]} 40. Rxb4 {[%clk 0:23:00]}  Ra1+ {[%clk 0:45:40]} 41. Kg2 {[%clk 0:23:15]}  h5 {[%clk 0:46:08]} 42. Rb7 {[%clk 0:23:17]}  Ra5 {[%clk 0:45:41]} 43. Ne6+ {[%clk 0:22:59]}  Kg8 {[%clk 0:45:49]} 44. Rb8+ {[%clk 0:22:47]}  Kh7 {[%clk 0:46:13]} 45. Ng5+ {[%clk 0:22:51]}  Kg7 {[%clk 0:46:39]} 46. Rb7 {[%clk 0:22:12]}  Rf5 {[%clk 0:47:07]} 47. Rxf7+ {[%clk 0:20:19]}  Rxf7 {[%clk 0:47:35]} 48. Nxf7 {[%clk 0:20:40]}  Kxf7 {[%clk 0:47:55]} 49. Kf3 {[%clk 0:20:59]}  Ke6 {[%clk 0:45:34]} 50. Ke4 {[%clk 0:20:36]}  Kf6 {[%clk 0:45:32]} 51. Kf4 {[%clk 0:20:50]}  Kf7 {[%clk 0:45:54]} 52. Kg5 {[%clk 0:20:47]}  Kg7 {[%clk 0:46:23]} 53. f4 {[%clk 0:19:56]}  Kh7 {[%clk 0:41:54]} 54. Kf6 {[%clk 0:18:46]}  Kh6 {[%clk 0:42:10]} 55. f5 {[%clk 0:18:45]}  g5 {[%clk 0:38:18]} 56. hxg5 {[%clk 0:19:02]}  Kh7 {[%clk 0:38:47]} 57. Kf7 {[%clk 0:18:24]} 1-0

[Event "Weekender - Expert"]
[Site "Enniscrone, Sligo, IE"]
[Date "2026.01.31"]
[Round "3"]
[White "McDonnell, Odhran"]
[Black "Recto, Chiron"]
[Result "1-0"]
[Board "9"]
[WhiteFideId "2507463"]
[BlackFideId "2541556"]
[WhiteElo "1852"]
[BlackElo "1775"]
[WhiteTeam "IRL"]
[BlackTeam "IRL"]
[WhiteClock "0:08:38"]
[BlackClock "0:43:34"]
[Variant "Standard"]

1. d4 {[%clk 1:30:58]}  d5 {[%clk 1:30:55]} 2. c4 {[%clk 1:31:24]}  c6 {[%clk 1:31:19]} 3. Nf3 {[%clk 1:31:49]}  Nf6 {[%clk 1:31:40]} 4. Nc3 {[%clk 1:32:14]}  Bg4 {[%clk 1:32:00]} 5. Ne5 {[%clk 1:26:34]}  e6 {[%clk 1:28:40]} 6. Nxg4 {[%clk 1:21:12]}  Nxg4 {[%clk 1:28:58]} 7. h3 {[%clk 1:18:55]}  Nf6 {[%clk 1:29:11]} 8. cxd5 {[%clk 1:15:36]}  exd5 {[%clk 1:29:23]} 9. Bf4 {[%clk 1:12:52]}  Bb4 {[%clk 1:26:26]} 10. a3 {[%clk 1:05:39]}  Ba5 {[%clk 1:23:33]} 11. e3 {[%clk 1:03:41]}  Ne4 {[%clk 1:21:40]} 12. Qc2 {[%clk 1:00:23]}  Nxc3 {[%clk 1:18:31]} 13. bxc3 {[%clk 1:00:35]}  O-O {[%clk 1:18:36]} 14. Bd3 {[%clk 0:59:16]}  g6 {[%clk 1:18:10]} 15. Bh6 {[%clk 0:51:04]}  Re8 {[%clk 1:18:09]} 16. h4 {[%clk 0:50:23]}  Qd6 {[%clk 1:13:41]} 17. Kd2 {[%clk 0:47:14]}  Nd7 {[%clk 1:13:17]} 18. h5 {[%clk 0:46:18]}  Re6 {[%clk 1:11:32]} 19. Rh3 {[%clk 0:42:04]}  f5 {[%clk 1:08:26]} 20. Rg3 {[%clk 0:37:37]}  Kf7 {[%clk 1:00:11]} 21. Bf4 {[%clk 0:30:22]}  Qf8 {[%clk 0:56:56]} 22. Qb1 {[%clk 0:27:18]}  b6 {[%clk 0:54:44]} 23. Qh1 {[%clk 0:23:16]}  Nf6 {[%clk 0:52:53]} 24. hxg6+ {[%clk 0:21:22]}  hxg6 {[%clk 0:53:09]} 25. Rh3 {[%clk 0:20:21]}  Ke7 {[%clk 0:48:23]} 26. Bg5 {[%clk 0:19:29]}  Kd7 {[%clk 0:47:40]} 27. Qh2 {[%clk 0:18:00]}  Rae8 {[%clk 0:46:21]} 28. Qg3 {[%clk 0:11:11]}  Ne4+ {[%clk 0:43:23]} 29. Bxe4 {[%clk 0:11:34]}  fxe4 {[%clk 0:43:40]} 30. Rh7+ {[%clk 0:10:25]}  R8e7 {[%clk 0:43:26]} 31. Rxe7+ {[%clk 0:09:38]}  Rxe7 {[%clk 0:43:47]} 32. Bxe7 {[%clk 0:09:55]}  Kxe7 {[%clk 0:44:07]} 33. Rh1 {[%clk 0:09:23]}  Kd7 {[%clk 0:44:04]} 34. Rh7+ {[%clk 0:08:59]}  Ke8 {[%clk 0:43:34]} 35. Qb8# {[%clk 0:08:38]} 1-0

[Event "Weekender - Expert"]
[Site "Enniscrone, Sligo, IE"]
[Date "2026.01.31"]
[Round "3"]
[White "O`Boyle, Donal"]
[Black "Hackett, Len"]
[Result "1-0"]
[Board "10"]
[WhiteFideId "2505096"]
[BlackFideId "2505460"]
[WhiteElo "1832"]
[BlackElo "1768"]
[WhiteTeam "IRL"]
[BlackTeam "IRL"]
[WhiteClock "0:04:38"]
[BlackClock "0:08:45"]
[Variant "Standard"]

1. e4 {[%clk 1:24:40]}  c5 {[%clk 1:30:11]} 2. Nc3 {[%clk 1:24:42]}  e6 {[%clk 1:30:12]} 3. Nf3 {[%clk 1:25:04]}  Nc6 {[%clk 1:29:56]} 4. d4 {[%clk 1:24:41]}  cxd4 {[%clk 1:30:17]} 5. Nxd4 {[%clk 1:25:08]}  Nf6 {[%clk 1:28:58]} 6. Nxc6 {[%clk 1:22:51]}  bxc6 {[%clk 1:29:16]} 7. Bd3 {[%clk 1:22:47]}  d6 {[%clk 1:24:49]} 8. O-O {[%clk 1:20:19]}  Be7 {[%clk 1:22:22]} 9. Bf4 {[%clk 1:15:41]}  e5 {[%clk 1:16:54]} 10. Bg3 {[%clk 1:12:27]}  O-O {[%clk 1:14:06]} 11. h3 {[%clk 1:09:39]}  Qb6 {[%clk 1:09:14]} 12. Rb1 {[%clk 1:05:22]}  Be6 {[%clk 1:06:33]} 13. Qe2 {[%clk 1:03:15]}  Rfe8 {[%clk 1:01:53]} 14. Rfd1 {[%clk 0:54:33]}  Rad8 {[%clk 0:53:49]} 15. Bc4 {[%clk 0:36:14]}  Bxc4 {[%clk 0:29:42]} 16. Qxc4 {[%clk 0:36:41]}  Nh5 {[%clk 0:29:53]} 17. Bh2 {[%clk 0:31:44]}  Bh4 {[%clk 0:26:46]} 18. Qe2 {[%clk 0:32:06]}  g6 {[%clk 0:26:53]} 19. Qf3 {[%clk 0:29:28]}  Ng7 {[%clk 0:26:51]} 20. Ne2 {[%clk 0:23:06]}  Ne6 {[%clk 0:24:31]} 21. Rd3 {[%clk 0:14:13]}  Nc5 {[%clk 0:20:27]} 22. Ra3 {[%clk 0:13:22]}  Be7 {[%clk 0:18:13]} 23. Qe3 {[%clk 0:08:17]}  Bf8 {[%clk 0:15:21]} 24. c4 {[%clk 0:04:30]}  a6 {[%clk 0:10:24]} 25. b4 {[%clk 0:03:07]}  Qb7 {[%clk 0:10:43]} 26. Nc3 {[%clk 0:03:03]}  Ne6 {[%clk 0:11:04]} 27. b5 {[%clk 0:02:07]}  axb5 {[%clk 0:11:24]} 28. cxb5 {[%clk 0:02:34]}  d5 {[%clk 0:08:53]} 29. Ra7 {[%clk 0:01:45]}  d4 {[%clk 0:09:43]} 30. Rxb7 {[%clk 0:02:07]}  dxe3 {[%clk 0:10:06]} 31. bxc6 {[%clk 0:02:07]}  exf2+ {[%clk 0:10:19]} 32. Kxf2 {[%clk 0:02:31]}  Bc5+ {[%clk 0:08:38]} 33. Kf1 {[%clk 0:03:00]}  Rd2 {[%clk 0:08:47]} 34. Nd5 {[%clk 0:03:12]}  Ra8 {[%clk 0:07:21]} 35. Rb8+ {[%clk 0:03:26]}  Rxb8 {[%clk 0:07:45]} 36. Rxb8+ {[%clk 0:03:53]}  Kg7 {[%clk 0:07:57]} 37. Bxe5+ {[%clk 0:04:12]}  Kh6 {[%clk 0:08:20]} 38. c7 {[%clk 0:04:18]}  Nxc7 {[%clk 0:08:45]} 39. Bf4+ {[%clk 0:04:38]} 1-0

[Event "Weekender - Expert"]
[Site "Enniscrone, Sligo, IE"]
[Date "2026.01.31"]
[Round "3"]
[White "O`Shea, Niall"]
[Black "Verlekar, Vivaan"]
[Result "0-1"]
[Board "11"]
[WhiteFideId "2505142"]
[BlackFideId "2516942"]
[WhiteElo "1788"]
[BlackElo "1828"]
[WhiteTeam "IRL"]
[BlackTeam "IRL"]
[WhiteClock "0:00:57"]
[BlackClock "0:11:08"]
[Variant "Standard"]

1. d4 {[%clk 1:30:50]}  Nf6 {[%clk 1:30:53]} 2. c4 {[%clk 1:31:06]}  e6 {[%clk 1:31:16]} 3. a3 {[%clk 1:31:29]}  b6 {[%clk 1:30:59]} 4. f3 {[%clk 1:31:51]}  d5 {[%clk 1:28:31]} 5. cxd5 {[%clk 1:31:44]}  exd5 {[%clk 1:28:54]} 6. Nc3 {[%clk 1:31:29]}  Bb7 {[%clk 1:28:24]} 7. Be3 {[%clk 1:25:24]}  Nbd7 {[%clk 1:26:10]} 8. Bf2 {[%clk 1:20:56]}  c5 {[%clk 1:15:15]} 9. e3 {[%clk 1:20:50]}  Bd6 {[%clk 1:13:56]} 10. Bd3 {[%clk 1:17:10]}  a6 {[%clk 1:07:11]} 11. Nge2 {[%clk 1:13:10]}  O-O {[%clk 1:02:11]} 12. Qc2 {[%clk 1:02:27]}  Re8 {[%clk 0:55:12]} 13. O-O {[%clk 0:50:31]}  Rc8 {[%clk 0:46:56]} 14. Ng3 {[%clk 0:44:35]}  Qc7 {[%clk 0:40:17]} 15. Kh1 {[%clk 0:36:15]}  g6 {[%clk 0:35:21]} 16. Qd2 {[%clk 0:30:39]}  Re6 {[%clk 0:26:32]} 17. Rac1 {[%clk 0:21:42]}  Qb8 {[%clk 0:25:36]} 18. f4 {[%clk 0:15:44]}  cxd4 {[%clk 0:24:51]} 19. Nce2 {[%clk 0:13:58]}  dxe3 {[%clk 0:20:46]} 20. Rxc8+ {[%clk 0:13:31]}  Qxc8 {[%clk 0:21:08]} 21. Bxe3 {[%clk 0:13:42]}  Bc5 {[%clk 0:16:16]} 22. Nd4 {[%clk 0:10:51]}  Re8 {[%clk 0:14:24]} 23. b4 {[%clk 0:06:35]}  Bf8 {[%clk 0:13:32]} 24. Qf2 {[%clk 0:05:30]}  Ng4 {[%clk 0:13:35]} 25. Qf3 {[%clk 0:03:44]}  Nxe3 {[%clk 0:10:05]} 26. Re1 {[%clk 0:03:31]}  Nc4 {[%clk 0:10:20]} 27. Rxe8 {[%clk 0:02:22]}  Qxe8 {[%clk 0:10:45]} 28. Nc2 {[%clk 0:00:42]}  Nd6 {[%clk 0:10:57]} 29. f5 {[%clk 0:00:44]}  Ne5 {[%clk 0:11:06]} 30. Qd1 {[%clk 0:00:33]}  Nxd3 {[%clk 0:10:55]} 31. Qxd3 {[%clk 0:00:52]}  Ne4 {[%clk 0:10:58]} 32. Qf1 {[%clk 0:00:33]}  Nxg3+ {[%clk 0:11:07]} 33. hxg3 {[%clk 0:00:57]}  Qe4 {[%clk 0:11:08]} 0-1

[Event "Weekender - Expert"]
[Site "Enniscrone, Sligo, IE"]
[Date "2026.01.31"]
[Round "3"]
[White "Dahmen, Clemens"]
[Black "De Graaf, Arnoud"]
[Result "1-0"]
[Board "12"]
[WhiteFideId "34607005"]
[BlackFideId "1017918"]
[WhiteElo "1783"]
[BlackElo "1872"]
[WhiteTeam "GER"]
[BlackTeam "NED"]
[WhiteClock "0:08:00"]
[BlackClock "0:10:14"]
[Variant "Standard"]

1. d4 {[%clk 1:30:30]}  Nf6 {[%clk 1:28:42]} 2. Bg5 {[%clk 1:30:59]}  Ne4 {[%clk 1:27:00]} 3. Bf4 {[%clk 1:31:02]}  c5 {[%clk 1:25:47]} 4. e3 {[%clk 1:27:18]}  Qb6 {[%clk 1:24:38]} 5. Nc3 {[%clk 1:23:14]}  Nf6 {[%clk 1:23:05]} 6. Rb1 {[%clk 1:20:56]}  d6 {[%clk 1:22:39]} 7. Nf3 {[%clk 1:19:26]}  cxd4 {[%clk 1:21:23]} 8. exd4 {[%clk 1:19:27]}  e6 {[%clk 1:17:27]} 9. Be2 {[%clk 1:15:09]}  Be7 {[%clk 1:17:51]} 10. O-O {[%clk 1:14:44]}  O-O {[%clk 1:18:18]} 11. Bd3 {[%clk 1:12:01]}  Nbd7 {[%clk 1:18:01]} 12. Ne4 {[%clk 1:10:28]}  Nxe4 {[%clk 1:17:29]} 13. Bxe4 {[%clk 1:10:14]}  Nf6 {[%clk 1:17:57]} 14. Bd3 {[%clk 1:10:05]}  Bd7 {[%clk 1:18:10]} 15. c3 {[%clk 1:10:10]}  Rfe8 {[%clk 1:14:03]} 16. Re1 {[%clk 1:08:39]}  Bc6 {[%clk 1:14:08]} 17. Bc2 {[%clk 1:06:39]}  Bd5 {[%clk 1:10:28]} 18. b3 {[%clk 1:03:00]}  Qa5 {[%clk 1:09:36]} 19. Qd2 {[%clk 0:57:09]}  Rac8 {[%clk 1:03:32]} 20. Rbc1 {[%clk 0:54:57]}  Bxf3 {[%clk 1:01:25]} 21. gxf3 {[%clk 0:55:02]}  Qh5 {[%clk 1:00:35]} 22. Bd1 {[%clk 0:51:46]}  Nd5 {[%clk 0:58:46]} 23. Bg3 {[%clk 0:50:27]}  Qh3 {[%clk 0:56:28]} 24. c4 {[%clk 0:47:09]}  Nf6 {[%clk 0:56:45]} 25. Bc2 {[%clk 0:44:15]}  h5 {[%clk 0:56:29]} 26. Qf4 {[%clk 0:40:08]}  Nd7 {[%clk 0:53:40]} 27. d5 {[%clk 0:36:44]}  g5 {[%clk 0:49:31]} 28. Qe4 {[%clk 0:33:38]}  Nf8 {[%clk 0:47:45]} 29. dxe6 {[%clk 0:29:36]}  fxe6 {[%clk 0:47:37]} 30. Rcd1 {[%clk 0:27:36]}  Rcd8 {[%clk 0:42:45]} 31. c5 {[%clk 0:24:04]}  d5 {[%clk 0:39:32]} 32. Qe3 {[%clk 0:20:41]}  Bf6 {[%clk 0:31:35]} 33. Be5 {[%clk 0:17:14]}  Bxe5 {[%clk 0:29:37]} 34. Qxe5 {[%clk 0:17:34]}  Kf7 {[%clk 0:25:42]} 35. Qxg5 {[%clk 0:15:28]}  Qxf3 {[%clk 0:25:19]} 36. Rd4 {[%clk 0:15:14]}  e5 {[%clk 0:22:32]} 37. Rxe5 {[%clk 0:15:10]}  Rxe5 {[%clk 0:22:11]} 38. Qxe5 {[%clk 0:15:29]}  Ne6 {[%clk 0:21:45]} 39. Bg6+ {[%clk 0:13:29]}  Ke7 {[%clk 0:21:38]} 40. Bf5 {[%clk 0:11:07]}  Rg8+ {[%clk 0:16:16]} 41. Kf1 {[%clk 0:11:21]}  Qg2+ {[%clk 0:15:05]} 42. Ke2 {[%clk 0:10:17]}  Rg6 {[%clk 0:15:17]} 43. Bxg6 {[%clk 0:10:20]}  Qxg6 {[%clk 0:15:45]} 44. Rxd5 {[%clk 0:09:19]}  Qg4+ {[%clk 0:15:17]} 45. Ke3 {[%clk 0:09:13]}  h4 {[%clk 0:10:14]} 46. Rd6 {[%clk 0:08:00]} 1-0

[Event "Weekender - Expert"]
[Site "Enniscrone, Sligo, IE"]
[Date "2026.01.31"]
[Round "3"]
[White "Thomas Boby, Aiden"]
[Black "Kurochkin, Iaromir"]
[Result "0-1"]
[Board "13"]
[WhiteFideId "2535688"]
[BlackFideId "2516969"]
[WhiteElo "1797"]
[BlackElo "1778"]
[WhiteTeam "IRL"]
[BlackTeam "IRL"]
[WhiteClock "0:29:12"]
[BlackClock "0:07:56"]
[Variant "Standard"]

1. d4 {[%clk 1:30:57]}  Nf6 {[%clk 1:30:55]} 2. e3 {[%clk 1:31:23]}  g6 {[%clk 1:31:20]} 3. f4 {[%clk 1:31:38]}  d6 {[%clk 1:31:41]} 4. Bd3 {[%clk 1:31:56]}  Bg7 {[%clk 1:32:05]} 5. Nf3 {[%clk 1:32:21]}  Nbd7 {[%clk 1:32:19]} 6. e4 {[%clk 1:31:50]}  O-O {[%clk 1:31:53]} 7. Nc3 {[%clk 1:29:18]}  e5 {[%clk 1:31:22]} 8. fxe5 {[%clk 1:25:18]}  dxe5 {[%clk 1:31:41]} 9. d5 {[%clk 1:25:25]}  a6 {[%clk 1:30:04]} 10. Qe2 {[%clk 1:25:32]}  Qe7 {[%clk 1:28:33]} 11. Bd2 {[%clk 1:25:42]}  Nc5 {[%clk 1:27:52]} 12. h3 {[%clk 1:24:25]}  Nh5 {[%clk 1:26:52]} 13. Qf2 {[%clk 1:23:14]}  Nxd3+ {[%clk 1:24:18]} 14. cxd3 {[%clk 1:23:17]}  f5 {[%clk 1:21:35]} 15. O-O-O {[%clk 1:12:50]}  f4 {[%clk 1:19:22]} 16. Ne2 {[%clk 1:11:13]}  c6 {[%clk 1:09:01]} 17. a3 {[%clk 1:09:11]}  cxd5 {[%clk 1:06:28]} 18. exd5 {[%clk 1:06:42]}  Qc7+ {[%clk 1:01:57]} 19. Kb1 {[%clk 1:05:20]}  Bf5 {[%clk 0:56:22]} 20. Bb4 {[%clk 0:55:49]}  Rfc8 {[%clk 0:56:06]} 21. Ka1 {[%clk 0:52:22]}  a5 {[%clk 0:44:42]} 22. Bc3 {[%clk 0:46:24]}  Qd6 {[%clk 0:40:25]} 23. g4 {[%clk 0:42:08]}  fxg3 {[%clk 0:39:37]} 24. Nxg3 {[%clk 0:42:08]}  Nxg3 {[%clk 0:38:16]} 25. Qxg3 {[%clk 0:34:53]}  Rxc3 {[%clk 0:37:03]} 26. bxc3 {[%clk 0:29:31]}  Qxa3+ {[%clk 0:37:03]} 27. Kb1 {[%clk 0:29:55]}  Qb3+ {[%clk 0:36:52]} 28. Ka1 {[%clk 0:28:58]}  Qxc3+ {[%clk 0:36:50]} 29. Ka2 {[%clk 0:29:18]}  Qc2+ {[%clk 0:37:06]} 30. Ka1 {[%clk 0:28:35]}  e4+ {[%clk 0:36:25]} 31. d4 {[%clk 0:28:57]}  Qc3+ {[%clk 0:28:35]} 32. Ka2 {[%clk 0:29:02]}  Qc2+ {[%clk 0:13:15]} 33. Ka1 {[%clk 0:29:12]}  Qb3 {[%clk 0:07:56]} 0-1

[Event "Weekender - Expert"]
[Site "Enniscrone, Sligo, IE"]
[Date "2026.01.31"]
[Round "3"]
[White "Galvin, Sebastian"]
[Black "Furstenburg, Brandon"]
[Result "1/2-1/2"]
[Board "14"]
[WhiteFideId "2531429"]
[BlackFideId "14309904"]
[WhiteElo "1775"]
[BlackElo "1857"]
[WhiteTeam "IRL"]
[BlackTeam "RSA"]
[WhiteClock "0:56:02"]
[BlackClock "0:03:22"]
[Variant "Standard"]

1. d4 {[%clk 1:30:58]}  Nf6 {[%clk 1:29:55]} 2. c4 {[%clk 1:31:23]}  c5 {[%clk 1:29:24]} 3. d5 {[%clk 1:31:47]}  b5 {[%clk 1:29:53]} 4. cxb5 {[%clk 1:32:05]}  a6 {[%clk 1:30:19]} 5. Nc3 {[%clk 1:32:14]}  axb5 {[%clk 1:29:10]} 6. Nxb5 {[%clk 1:31:58]}  Ba6 {[%clk 1:28:44]} 7. Nc3 {[%clk 1:31:31]}  g6 {[%clk 1:28:31]} 8. g3 {[%clk 1:31:06]}  Bg7 {[%clk 1:28:48]} 9. Bg2 {[%clk 1:31:28]}  d6 {[%clk 1:29:14]} 10. e4 {[%clk 1:31:14]}  O-O {[%clk 1:29:38]} 11. Nge2 {[%clk 1:31:25]}  Nbd7 {[%clk 1:28:59]} 12. O-O {[%clk 1:30:50]}  Qb6 {[%clk 1:24:12]} 13. Re1 {[%clk 1:27:22]}  Rfb8 {[%clk 1:20:48]} 14. Na4 {[%clk 1:22:28]}  Qa7 {[%clk 1:12:55]} 15. Nec3 {[%clk 1:21:03]}  Ne5 {[%clk 0:51:35]} 16. Bf1 {[%clk 1:17:57]}  Bxf1 {[%clk 0:47:21]} 17. Kxf1 {[%clk 1:17:35]}  Rb4 {[%clk 0:25:28]} 18. b3 {[%clk 1:13:18]}  Qa6+ {[%clk 0:18:56]} 19. Qe2 {[%clk 1:11:40]}  c4 {[%clk 0:11:23]} 20. Rb1 {[%clk 1:05:51]}  Nd3 {[%clk 0:08:59]} 21. Rd1 {[%clk 1:05:40]}  Nxc1 {[%clk 0:08:37]} 22. Rdxc1 {[%clk 1:05:58]}  cxb3 {[%clk 0:05:35]} 23. Qxa6 {[%clk 1:05:38]}  Rxa6 {[%clk 0:06:01]} 24. Rxb3 {[%clk 1:04:39]}  Rxb3 {[%clk 0:02:07]} 25. axb3 {[%clk 1:03:57]}  Ra8 {[%clk 0:02:04]} 26. Nb6 {[%clk 1:02:22]}  Rb8 {[%clk 0:01:50]} 27. Nca4 {[%clk 1:02:46]}  Nxe4 {[%clk 0:02:11]} 28. Nd7 {[%clk 0:58:59]}  Rd8 {[%clk 0:02:09]} 29. Nab6 {[%clk 0:56:04]}  Nd2+ {[%clk 0:02:27]} 30. Kg2 {[%clk 0:56:21]}  Nxb3 {[%clk 0:02:55]} 31. Re1 {[%clk 0:56:34]}  Bf8 {[%clk 0:01:46]} 32. h4 {[%clk 0:56:38]}  h5 {[%clk 0:02:07]} 33. g4 {[%clk 0:55:17]}  hxg4 {[%clk 0:02:29]} 34. h5 {[%clk 0:55:22]}  gxh5 {[%clk 0:02:44]} 35. Rh1 {[%clk 0:55:44]}  Nc5 {[%clk 0:03:11]} 36. Nxc5 {[%clk 0:56:08]}  dxc5 {[%clk 0:03:38]} 37. Rxh5 {[%clk 0:56:31]}  f6 {[%clk 0:03:58]} 38. Kg3 {[%clk 0:56:13]}  Kg7 {[%clk 0:02:31]} 39. Kxg4 {[%clk 0:55:57]}  Rd6 {[%clk 0:01:47]} 40. Nc4 {[%clk 0:56:12]}  Ra6 {[%clk 0:02:13]} 41. Kf5 {[%clk 0:55:06]}  Kf7 {[%clk 0:01:27]} 42. Rh7+ {[%clk 0:54:35]}  Bg7 {[%clk 0:01:56]} 43. f3 {[%clk 0:54:04]}  Ra4 {[%clk 0:02:12]} 44. Nb6 {[%clk 0:54:25]}  Rb4 {[%clk 0:02:22]} 45. Nc8 {[%clk 0:54:31]}  Rd4 {[%clk 0:01:02]} 46. Nxe7 {[%clk 0:54:45]}  Kxe7 {[%clk 0:01:29]} 47. Rxg7+ {[%clk 0:55:08]}  Kd6 {[%clk 0:01:51]} 48. Kxf6 {[%clk 0:55:12]}  Rf4 {[%clk 0:01:28]} 49. Kg5 {[%clk 0:55:29]}  Rxf3 {[%clk 0:01:54]} 50. Kg4 {[%clk 0:55:55]}  Rd3 {[%clk 0:02:20]} 51. Kf4 {[%clk 0:56:04]}  Kxd5 {[%clk 0:02:38]} 52. Ra7 {[%clk 0:55:55]}  c4 {[%clk 0:02:49]} 53. Rd7+ {[%clk 0:55:05]}  Kc5 {[%clk 0:03:13]} 54. Rxd3 {[%clk 0:55:31]}  cxd3 {[%clk 0:03:38]} 55. Ke3 {[%clk 0:55:57]}  Kc4 {[%clk 0:03:57]} 56. Kd2 {[%clk 0:56:24]}  Kd4 {[%clk 0:04:22]} 57. Kd1 {[%clk 0:56:02]}  Kd5 {[%clk 0:03:22]} 1/2-1/2

[Event "Weekender - Expert"]
[Site "Enniscrone, Sligo, IE"]
[Date "2026.01.31"]
[Round "3"]
[White "Kenny, William"]
[Black "D`arcy, Elian"]
[Result "1-0"]
[Board "15"]
[WhiteFideId "2509440"]
[BlackFideId "2517043"]
[WhiteElo "1825"]
[BlackElo "1794"]
[WhiteTeam "IRL"]
[BlackTeam "IRL"]
[WhiteClock "0:01:53"]
[BlackClock "0:00:40"]
[Variant "Standard"]

1. d4 {[%clk 1:30:57]}  d5 {[%clk 1:26:54]} 2. c4 {[%clk 1:31:18]}  c6 {[%clk 1:27:18]} 3. cxd5 {[%clk 1:31:39]}  cxd5 {[%clk 1:27:36]} 4. Nc3 {[%clk 1:32:01]}  Nf6 {[%clk 1:27:10]} 5. f3 {[%clk 1:32:20]}  Nc6 {[%clk 1:10:47]} 6. e4 {[%clk 1:32:39]}  e6 {[%clk 1:09:23]} 7. e5 {[%clk 1:33:01]}  Nd7 {[%clk 1:07:09]} 8. f4 {[%clk 1:33:21]}  Bb4 {[%clk 1:03:08]} 9. Nf3 {[%clk 1:32:45]}  O-O {[%clk 0:55:22]} 10. Bd3 {[%clk 1:32:37]}  f5 {[%clk 0:53:00]} 11. O-O {[%clk 1:30:34]}  Be7 {[%clk 0:40:02]} 12. Be3 {[%clk 1:29:42]}  a6 {[%clk 0:39:55]} 13. Rc1 {[%clk 1:25:42]}  h6 {[%clk 0:34:41]} 14. Qd2 {[%clk 1:21:26]}  Kh8 {[%clk 0:31:54]} 15. Kh1 {[%clk 1:14:31]}  Rg8 {[%clk 0:30:53]} 16. Rg1 {[%clk 1:12:25]}  Nf8 {[%clk 0:23:37]} 17. g4 {[%clk 1:07:15]}  Rb8 {[%clk 0:16:22]} 18. Qg2 {[%clk 0:59:53]}  g6 {[%clk 0:10:10]} 19. Qh3 {[%clk 0:56:34]}  Kh7 {[%clk 0:07:58]} 20. a3 {[%clk 0:44:26]}  Na5 {[%clk 0:04:22]} 21. b4 {[%clk 0:40:36]}  Nc6 {[%clk 0:04:21]} 22. Qg2 {[%clk 0:35:27]}  Kh8 {[%clk 0:02:57]} 23. Nd2 {[%clk 0:35:07]}  Nh7 {[%clk 0:01:21]} 24. Qh3 {[%clk 0:34:24]}  Bf8 {[%clk 0:01:25]} 25. Qf3 {[%clk 0:32:48]}  Ne7 {[%clk 0:01:15]} 26. h3 {[%clk 0:28:19]}  Bg7 {[%clk 0:00:56]} 27. Nb3 {[%clk 0:27:40]}  b6 {[%clk 0:01:06]} 28. Qe2 {[%clk 0:27:23]}  Ra8 {[%clk 0:01:25]} 29. b5 {[%clk 0:25:01]}  a5 {[%clk 0:01:40]} 30. Bf2 {[%clk 0:21:18]}  Bf8 {[%clk 0:00:35]} 31. Qd2 {[%clk 0:17:54]}  Qe8 {[%clk 0:00:43]} 32. Na4 {[%clk 0:17:19]}  Rb8 {[%clk 0:00:44]} 33. Rc7 {[%clk 0:16:41]}  Bd7 {[%clk 0:01:05]} 34. Qe2 {[%clk 0:15:46]}  Nc8 {[%clk 0:00:56]} 35. Ra1 {[%clk 0:14:28]}  g5 {[%clk 0:00:46]} 36. gxf5 {[%clk 0:14:25]}  exf5 {[%clk 0:00:57]} 37. Nc3 {[%clk 0:13:25]}  Be6 {[%clk 0:00:53]} 38. Qc2 {[%clk 0:09:54]}  Ne7 {[%clk 0:00:57]} 39. Rg1 {[%clk 0:04:16]}  Qh5 {[%clk 0:01:08]} 40. Rg3 {[%clk 0:03:34]}  gxf4 {[%clk 0:00:50]} 41. Rxg8+ {[%clk 0:02:42]}  Kxg8 {[%clk 0:01:13]} 42. h4 {[%clk 0:00:43]}  f3 {[%clk 0:01:06]} 43. Bf1 {[%clk 0:00:36]}  Ng6 {[%clk 0:00:46]} 44. Bh3 {[%clk 0:00:36]}  Nxh4 {[%clk 0:00:51]} 45. Bxh4 {[%clk 0:00:33]}  Qxh4 {[%clk 0:01:09]} 46. Qh2 {[%clk 0:00:46]}  Ng5 {[%clk 0:01:15]} 47. Bf1 {[%clk 0:00:48]}  Qxh2+ {[%clk 0:00:34]} 48. Kxh2 {[%clk 0:00:37]}  Bxa3 {[%clk 0:00:38]} 49. Rc6 {[%clk 0:01:27]}  Bb4 {[%clk 0:00:42]} 50. Rxe6 {[%clk 0:01:09]}  Nxe6 {[%clk 0:01:04]} 51. Nxd5 {[%clk 0:01:31]}  a4 {[%clk 0:00:42]} 52. Nf6+ {[%clk 0:01:51]}  Kf7 {[%clk 0:00:50]} 53. Nc1 {[%clk 0:01:44]}  Nxd4 {[%clk 0:01:05]} 54. Nd3 {[%clk 0:01:58]}  Be7 {[%clk 0:01:07]} 55. Nd5 {[%clk 0:02:13]}  a3 {[%clk 0:01:13]} 56. Nc1 {[%clk 0:01:18]}  Bc5 {[%clk 0:01:02]} 57. Bc4 {[%clk 0:01:40]}  Ne6 {[%clk 0:00:40]} 58. Nc7 {[%clk 0:01:53]}  Bf8 {[%clk 0:00:40]} 1-0